=LDR 00000nam 2200000 4500 =001 INLIS000000000029500 =005 20130612131729 =008 ***********************************Ind** =035 ##$$0010-061300000029500 =041 ##$$a Ind =082 ##$$a 391.109 598 13 =090 ##$$a 391.109 598 13, Kut p =100 ##$$a Mutia, Riza =245 ##$$a Pakaian penghulu minangkabau, Riza Mutia =260 ##$$a 1996 $b Jakarta : Bagaian Proyek Pembinaan Permuseum =300 ##$$a 65 hlm, 21 cm =650 ##$$a Pakaian Adat =850 ##$$a NBPNMAT